000 00870cam a2200289 a 4500
001 000025294
003 DO-SdBNP
005 20240301083853.0
007 000025294
008 880808s20uu dr a 000 f spa d
020 _a9789945122169
040 _aBPMSU
_bspa
_cBPMSU
082 4 _a861.62
_bJ61p
_222
100 1 _aJiménez, Juan Ramón,
_d1881-1958.
245 1 0 _aPlatero y yo /
_cJuan Ramón Jiménez.
260 _aSanto Domingo :
_bSusaeta Ediciones
_c[200?]
_g
300 _a143 p. :
_bil. ;
_c24 cm.
490 0 _aBiblioteca Susaeta
_v
490 1 _a
500 _aIncluye referencias bibliográficas y notas al pie de las páginas
590 _aInventariado, 2024/VM
650 4 _aPoesías españolas
650 4 _aProsa poética española
650 4 _aLiteratura española
910 _aVMateo V. Control de calidad BPMSU
942 _2ddc
_cBK
999 _c7641
_d7641